Flags of the World in Nordic Style - Statistics

General Stats
  • This quiz has been taken 69 times
    23 since last reset
  • The average score is 77 of 196
Answer Stats
Picture Answer % Correct
Sweden
100%
China
92%
Denmark
92%
Finland
92%
Iceland
92%
India
92%
Norway
92%
United States
92%
Brazil
85%
Germany
85%
Japan
85%
Australia
77%
Canada
77%
Egypt
77%
Indonesia
77%
Poland
77%
Russia
77%
Saudi Arabia
77%
South Korea
77%
Spain
77%
Turkey
77%
United Kingdom
77%
Bangladesh
69%
Iran
69%
Pakistan
69%
Taiwan
69%
Vietnam
69%
France
62%
Mexico
62%
Italy
54%
Nigeria
54%
Thailand
54%
Argentina
46%
Belarus
46%
Colombia
46%
Croatia
46%
Ecuador
46%
Israel
46%
Kazakhstan
46%
Kenya
46%
Malaysia
46%
Morocco
46%
Nepal
46%
New Zealand
46%
Portugal
46%
Qatar
46%
Serbia
46%
Slovakia
46%
South Africa
46%
Sri Lanka
46%
Tunisia
46%
Turkmenistan
46%
Uganda
46%
Uzbekistan
46%
Albania
38%
Angola
38%
Azerbaijan
38%
Barbados
38%
Belgium
38%
Bhutan
38%
Czechia
38%
Democratic Republic of the Congo
38%
Dominican Republic
38%
Eritrea
38%
Eswatini
38%
Ethiopia
38%
Fiji
38%
Georgia
38%
Guatemala
38%
Iraq
38%
Ireland
38%
Ivory Coast
38%
Kyrgyzstan
38%
Lebanon
38%
Myanmar
38%
North Korea
38%
North Macedonia
38%
Oman
38%
Panama
38%
Philippines
38%
Singapore
38%
Switzerland
38%
Tanzania
38%
Ukraine
38%
Venezuela
38%
Zimbabwe
38%
Algeria
31%
Andorra
31%
Antigua and Barbuda
31%
Bahamas
31%
Bahrain
31%
Belize
31%
Bosnia and Herzegovina
31%
Botswana
31%
Brunei
31%
Bulgaria
31%
Burkina Faso
31%
Burundi
31%
Cambodia
31%
Central African Republic
31%
Chile
31%
Comoros
31%
Cuba
31%
Cyprus
31%
Djibouti
31%
Dominica
31%
East Timor
31%
El Salvador
31%
Equatorial Guinea
31%
Gambia
31%
Ghana
31%
Grenada
31%
Haiti
31%
Honduras
31%
Hungary
31%
Jamaica
31%
Jordan
31%
Kiribati
31%
Kosovo
31%
Laos
31%
Latvia
31%
Lesotho
31%
Liberia
31%
Libya
31%
Liechtenstein
31%
Malawi
31%
Maldives
31%
Marshall Islands
31%
Micronesia
31%
Moldova
31%
Mongolia
31%
Montenegro
31%
Mozambique
31%
Namibia
31%
Nauru
31%
Netherlands
31%
Nicaragua
31%
Palau
31%
Papua New Guinea
31%
Rwanda
31%
Saint Kitts and Nevis
31%
Saint Lucia
31%
Saint Vincent and the Grenadines
31%
Samoa
31%
San Marino
31%
Sierra Leone
31%
Slovenia
31%
Solomon Islands
31%
Suriname
31%
Tajikistan
31%
Togo
31%
Tonga
31%
Tuvalu
31%
United Arab Emirates
31%
Uruguay
31%
Vanuatu
31%
Vatican City
31%
Zambia
31%
Armenia
23%
Austria
23%
Benin
23%
Bolivia
23%
Cape Verde
23%
Estonia
23%
Gabon
23%
Greece
23%
Kuwait
23%
Lithuania
23%
Luxembourg
23%
Mali
23%
Malta
23%
Mauritania
23%
Niger
23%
Paraguay
23%
Peru
23%
São Tomé and Príncipe
23%
Senegal
23%
Somalia
23%
South Sudan
23%
Sudan
23%
Yemen
23%
Afghanistan
15%
Cameroon
15%
Chad
15%
Congo
15%
Costa Rica
15%
Guinea
15%
Guinea-Bissau
15%
Guyana
15%
Madagascar
15%
Monaco
15%
Romania
15%
Seychelles
15%
Trinidad and Tobago
15%
Mauritius
8%
Syria
8%
No matching quizzes found
Score Distribution
Percent of People with Each Score
Percentile by Number Answered
Your Score History
You have not taken this quiz since the last reset